[Event "Budapest Karacsonyi op 4th"]
[Site "Budapest"]
[Date "2012.12.30"]
[Round "7"]
[White "Czimer, Jozsef"]
[Black "Karacsonyi, Gellert"]
[Result "0-1"]
[WhiteElo "1745"]
[BlackElo "1514"]
[PlyCount "62"]
[EventDate "2012.12.27"]
[EventType "swiss"]
[EventRounds "7"]
[EventCountry "HUN"]
[SourceTitle "EXT 2014"]
[Source "ChessBase"]
[SourceDate "2013.11.20"]
[SourceVersion "1"]
[SourceVersionDate "2013.11.20"]
[SourceQuality "1"]

1. d4 f5 2. c4 Nf6 3. Nc3 g6 4. f3 Bg7 5. e4 fxe4 6. fxe4 d6 7. h3 0-0 8. Be2 e5 9. dxe5 dxe5 10. Qxd8 Rxd8 11. Nf3 Nc6 12. Be3 h6 13. Rd1 Rxd1+ 14. Bxd1 Be6 15. b3 Rd8 16. Nd5 Nxe4 17. Nxc7 Bf7 18. 0-0 Ng3 19. Re1 e4 20. Nd2 Bc3 21. Bxh6 Bxd2 22. Bxd2 Rxd2 23. Kh2 Nf5 24. Bg4 Nd6 25. c5 Nf5 26. Rxe4 Rxa2 27. Bxf5 gxf5 28. Rf4 Ne7 29. b4 Nd5 30. Nxd5 Bxd5 31. Rxf5 Rxg2+ 0-1